000 00521cam a22002054a 4500
005 20250605164325.0
008 250528s ||||||||||||||||||||||||d
035 _a23004
020 _a9780195517293
040 _aGR-AtMCL
_bgre
_dGR-AtMCL
_eAACR2
245 1 _aTHE DAILY MIRACLE: AN INTRODUCTION TO JOURNALISM
250 _a3
260 _bOxford University Press,
_c2006
300 _a491
700 1 _aConley David
_98592
700 1 _aLamble Stephen
_98593
942 _cBK
999 _c8045
_d8045